| 000 | 01486nam a2200289Ia 4500 | ||
|---|---|---|---|
| 999 |
_c53424 _d53424 |
||
| 001 | 20467 | ||
| 003 | GE_BSU | ||
| 005 | 20201227231005.0 | ||
| 008 | 181216s1989||||ge |||||||||||||| || || | ||
| 040 | _cGE_BSU | ||
| 041 | _ageo | ||
| 080 | _a811.353.1-8(075.3) რ-21 | ||
| 100 |
_aრამიშვილი, ვალერიან _91173 |
||
| 245 |
_aქართული ენა : _bმე-4 კლ. სახელმძღვ. / _c ვალერიან რამიშვილი, შ. თაბუკაშვილი, თ. ჩერქეზიშვილი ; მხატვ. : ბ. ბერძენიშვილი, ო. მესხი, ვ. რამიშვილი ; რედ. გ. ახალაია. |
||
| 250 | _aმე-4 გამოცემა | ||
| 264 |
_aთბილისი : _bგანათლება, _c1989. |
||
| 300 |
_a207 გვ. : _b ილ. ; _c 22 სმ. |
||
| 541 | _h1ლ.40თ. | ||
| 653 | _aქართული ენა | ||
| 653 | _aმე-4 კლ. სახელმძღვანელო | ||
| 700 |
_aთაბუკაშვილი, შ. _eატორი _99951 |
||
| 700 |
_aჩერქეზიშვილი, თ. _eატორი _99925 |
||
| 700 |
_aბერენიშილი ბ. _eმხატვარი _99949 |
||
| 700 |
_aმესხი, ო. _eმხატვარი _99950 |
||
| 700 |
_aახალაია, გ. _eრედაქტორი _99826 |
||
| 942 |
_cBK _2udc |
||